[Event "IMSA Blitz Women 2019"]
[Site "Hengshui"]
[Date "2019.05.18"]
[Round "8.1"]
[White "Harika, Dronavalli"]
[Black "Koneru, Humpy"]
[Result "0-1"]
[WhiteElo "2492"]
[BlackElo "2553"]
[Annotator "TA"]
[PlyCount "98"]
[EventDate "2019.05.17"]
[EventType "blitz"]
[EventCountry "CHN"]
[SourceTitle "playchess.com"]
[Source "ChessBase"]
[SourceQuality "1"]

{[%evp 12,118,3,0,0,-8,-13,-10,-11,-21,-20,-48,-19,-37,-25,-37,-11,-51,-31,-52,-58,-64,-58,-56,-52,-111,-55,-137,-51,-65,-53,-102,-22,-29,-31,-43,-16,-35,-40,-27,-33,-70,-72,-72,-71,-92,-85,-120,-116,-110,-120,-118,-114,-113,-98,-91,-98,-114,-112,-112,-112,-168,-103,-224,-214,-439,-411,-560,-521,-729,-571,-29988,-4918,-4698,-4698,-3222,-2371,-1829,-648,-873,-816,-907,-952,-968,-946,-921,-863,-1263,-1221,-1816,-1100,-1100,-1100,-1100,-1100,-1100,-1100,-29970,-2392,-29989,-29990,-29988,-29985,-29985,-29986,-29989,-29990,-29988,-29984]} 1. g3 Nf6 2. Bg2 d5 3. d3 g6 4. Nf3 Bg7 5. O-O O-O 6. Nbd2 {[%cal Bb1d2,Bd2f1,Bf1e3][%mdl 32]} Re8 7. e4 e5 {A07: Réti Opening: New York and Capablanca Systems} 8. c3 c6 (8... dxe4 9. dxe4 Nbd7 10. b4 a5 11. Bb2 Nb6 12. Qc2 Bd7 13. a3 Ba4 14. Qc1 Bh6 15. c4 Nxe4 16. Nxe4 Bxc1 17. Raxc1 Bc6 18. Nxe5 Bxe4 19. Bxe4 axb4 20. Bxb7 {0-1 (32) Petrosian,T (2601)-Kuzubov,Y (2699) Riadh 2017}) 9. Qc2 Nbd7 {The position is equal.} 10. Rd1 a5 $146 ({Predecessor:} 10... Nb6 11. a4 a5 12. c4 d4 13. c5 {1-0 (30) Reeve,J (2275)-Bhavik,D (1932) Victoria 2019}) 11. Nf1 b6 12. h3 Qc7 13. Ne3 Bb7 14. Nh2 Rad8 15. b3 Nc5 16. Ba3 Ne6 17. Bb2 Ba6 18. Bf1 (18. a3 $15) 18... Rd7 (18... dxe4 $17 {Hoping for ...Bxd3.} 19. dxe4 Bxf1 20. Kxf1 Ng5) 19. b4 (19. h4 $15) 19... Red8 ({Black should play} 19... axb4 $17 20. cxb4 Nd4) 20. bxa5 $15 bxa5 21. Ba3 Bf8 (21... h5 $17 22. Nf3 Bh6) 22. Bxf8 $11 Kxf8 23. h4 Kg7 24. Nhg4 Nxg4 25. Nxg4 h5 $36 {[%mdl 2048] Black is pushing.} 26. Nh2 Nc5 27. exd5 Rxd5 {[%cal Ra6d3]} 28. d4 Bxf1 29. Nxf1 exd4 30. cxd4 Ne6 31. Ne3 Rxd4 32. Rxd4 Rxd4 (32... Nxd4 {is more complex.} 33. Qc5 Qc8 34. Kg2 Qe6 35. Qxa5 Qe4+) 33. Qc3 {With the idea Nc2.} Kh7 34. Rc1 c5 35. Nc4 a4 36. Qe3 (36. Qf3 $17 {was necessary.}) 36... Qd8 ({Better is} 36... Qb7 $19 37. Qa3 Qd5) 37. Kh2 (37. Qf3 $17 Rd7 38. Qe4) 37... Qd5 $19 38. Nb6 $2 (38. Qe5 {only move.}) 38... Qf5 39. Nc4 Re4 40. Qd2 {intending Nd6.} Nd4 {aiming for ...Nf3+.} 41. Rc3 {[#]} Nf3+ (41... Re2 $142 $1 42. Qxe2 Nxe2 43. Kg2 Nxc3 44. Ne3 Qe4+ 45. Kg1 Nxa2 46. Ng2 Nc3 47. Nf4 Ne2+ 48. Kf1 Nxf4 49. gxf4 Qxf4 50. Kg1 a3 51. Kg2 a2 52. Kh3 Qg4+ 53. Kh2 a1=Q 54. f4 Qag1#) 42. Rxf3 Qxf3 {[%mdl 4096] Endgame KQR-KQN} 43. Ne3 Rd4 44. Qc2 Qf6 (44... Rd6 $142 45. a3 c4 $1 {[%mdl 512]}) 45. Kg2 Qc6+ 46. Kh2 c4 47. Qc3 Qc5 48. Kg2 a3 49. Kh2 Qb6 {Played: Qc5-d6} 0-1

[Event "IMSA Blitz Women 2019"]
[Site "Hengshui"]
[Date "2019.05.18"]
[Round "8.1"]
[White "Zhao, Xue"]
[Black "Bodnaruk, Anastasia"]
[Result "1/2-1/2"]
[WhiteElo "2485"]
[BlackElo "2431"]
[Annotator "RC"]
[PlyCount "150"]
[EventDate "2019.05.17"]
[EventType "blitz"]
[EventCountry "CHN"]
[SourceTitle "playchess.com"]
[Source "ChessBase"]
[SourceQuality "1"]
[TimeControl "180+2"]

1. c4 {[%emt 0:00:00]} e5 {[%emt 0:00:00]} 2. Nc3 {[%emt 0:00:02]} d6 {[%emt 0:00:00]} 3. d4 {[%emt 0:00:09]} exd4 {[%emt 0:00:01]} 4. Qxd4 {[%emt 0:00:02]} Nc6 {[%emt 0:00:02]} 5. Qd2 {[%emt 0:00:00]} g6 {[%emt 0:00:01]} 6. Nf3 {[%emt 0:00:02]} Bg7 {[%emt 0:00:01]} 7. b3 {[%emt 0:00:02]} Nge7 {[%emt 0:00:26]} 8. Bb2 {[%emt 0:00:04]} O-O {[%emt 0:00:02]} 9. g3 {[%emt 0:00:03]} Ne5 {[%emt 0:00:19]} 10. Nd4 {[%emt 0:00:13]} d5 {[%emt 0:00:16]} 11. cxd5 {[%emt 0:00:30]} Nxd5 {[%emt 0:00:01]} 12. Rd1 {[%emt 0:00:41]} Nxc3 {[%emt 0:00:10]} 13. Qxc3 {[%emt 0:00:50]} Qe7 {[%emt 0:00:20]} 14. Bg2 {[%emt 0:00:06]} c5 {[%emt 0:00:43]} 15. Nb5 {[%emt 0:00:17]} Bg4 {[%emt 0:00:10]} 16. Qe3 {[%emt 0:00:18]} Rad8 {[%emt 0:00:34]} 17. O-O {[%emt 0:00:04]} Bf5 {[%emt 0:00:14]} 18. Nc3 {[%emt 0:00:01]} Nc6 {[%emt 0:00:06]} 19. Qc1 {[%emt 0:00:03]} Qe6 {[%emt 0:00:04]} 20. e3 {[%emt 0:00:03]} Bh3 {[%emt 0:00:02]} 21. Na4 {[%emt 0:00:04]} b6 {[%emt 0:00:01]} 22. Rxd8 {[%emt 0:00:03]} Rxd8 {[%emt 0:00:01]} 23. Bxg7 {[%emt 0:00:02]} Kxg7 {[%emt 0:00:01]} 24. Qc3+ {[%emt 0:00:02]} f6 {[%emt 0:00:03]} 25. Nb2 {[%emt 0:00:02]} Ne5 {[%emt 0:00:01]} 26. Qc2 {[%emt 0:00:03]} Bxg2 {[%emt 0:00:03]} 27. Kxg2 {[%emt 0:00:01]} Qd5+ {[%emt 0:00:01]} 28. e4 {[%emt 0:00:02]} Qd2 {[%emt 0:00:01]} 29. Rc1 {[%emt 0:00:01]} h5 {[%emt 0:00:06]} 30. h4 {[%emt 0:00:01]} Ng4 {[%emt 0:00:03]} 31. Nc4 {[%emt 0:00:01]} Qd4 {[%emt 0:00:05]} 32. Qe2 {[%emt 0:00:02]} b5 {[%emt 0:00:02]} 33. Na3 {[%emt 0:00:01]} a6 {[%emt 0:00:01]} 34. Nc2 {[%emt 0:00:03]} Qd6 {[%emt 0:00:01]} 35. Ne3 {[%emt 0:00:01]} Nxe3+ {[%emt 0:00:02]} 36. Qxe3 {[%emt 0:00:02]} Qd4 {[%emt 0:00:01]} 37. Qf4 {[%emt 0:00:03]} c4 {[%emt 0:00:01]} 38. bxc4 {[%emt 0:00:02]} bxc4 {[%emt 0:00:01]} 39. Qc7+ Rd7 40. Qxc4 {[%emt 0:00:02]} Qb6 {[%emt 0:00:07]} 41. Qc6 {[%emt 0:00:01]} Qd4 {[%emt 0:00:03]} 42. Rc4 {[%emt 0:00:03]} Qd6 {[%emt 0:00:02]} 43. Qxd6 {[%emt 0:00:04]} Rxd6 {[%emt 0:00:01]} 44. Rc7+ {[%emt 0:00:01]} Kh6 {[%emt 0:00:01]} 45. Ra7 {[%emt 0:00:02]} g5 {[%emt 0:00:03]} 46. Kf3 {[%emt 0:00:02]} Rd3+ {[%emt 0:00:02]} 47. Ke2 {[%emt 0:00:01]} Ra3 {[%emt 0:00:01]} 48. Kf1 {[%emt 0:00:03]} Rxa2 49. Kg2 {[%emt 0:00:02]} g4 {[%emt 0:00:04]} 50. Rb7 {[%emt 0:00:03]} Ra1 {[%emt 0:00:02]} 51. Rb6 {[%emt 0:00:01]} Kg7 {[%emt 0:00:01]} 52. Rb7+ {[%emt 0:00:01]} Kg6 {[%emt 0:00:02]} 53. Rb6 {[%emt 0:00:01]} Kf7 {[%emt 0:00:04]} 54. Rb7+ {[%emt 0:00:00]} Ke6 {[%emt 0:00:03]} 55. Rh7 {[%emt 0:00:01]} Ra5 {[%emt 0:00:01]} 56. Rh8 {[%emt 0:00:04]} Re5 {[%emt 0:00:02]} 57. f3 {[%emt 0:00:04]} gxf3+ {[%emt 0:00:03]} 58. Kxf3 {[%emt 0:00:01]} a5 {[%emt 0:00:01]} 59. Kf4 {[%emt 0:00:01]} Rb5 {[%emt 0:00:02]} 60. Re8+ {[%emt 0:00:02]} Kf7 {[%emt 0:00:02]} 61. Ra8 {[%emt 0:00:01]} Kg6 {[%emt 0:00:02]} 62. Rg8+ {[%emt 0:00:01]} Kf7 {[%emt 0:00:01]} 63. Ra8 {[%emt 0:00:02]} Rc5 {[%emt 0:00:03]} 64. Ra6 {[%emt 0:00:01]} Kg6 {[%emt 0:00:01]} 65. Ra7 {[%emt 0:00:05]} Rb5 {[%emt 0:00:04]} 66. Ra6 {[%emt 0:00:01]} Rc5 {[%emt 0:00:01]} 67. g4 {[%emt 0:00:02]} hxg4 {[%emt 0:00:02]} 68. Kxg4 {[%emt 0:00:01]} Rc4 69. Kf3 {[%emt 0:00:03]} Ra4 {[%emt 0:00:06]} 70. e5 {[%emt 0:00:03]} Kf5 71. exf6 {[%emt 0:00:01]} Rxh4 {[%emt 0:00:03]} 72. f7 {[%emt 0:00:03]} Rh8 {[%emt 0:00:01]} 73. Rh6 {[%emt 0:00:02]} Rf8 {[%emt 0:00:02]} 74. Rh5+ {[%emt 0:00:01]} Kg6 {[%emt 0:00:00]} 75. Rxa5 {[%emt 0:00:01]} Rxf7+ 1/2-1/2

[Event "IMSA Blitz Women 2019"]
[Site "Hengshui"]
[Date "2019.05.18"]
[Round "8.1"]
[White "Stefanova, Antoaneta"]
[Black "Paehtz, Elisabeth"]
[Result "1/2-1/2"]
[WhiteElo "2470"]
[BlackElo "2470"]
[Annotator "RC"]
[PlyCount "123"]
[EventDate "2019.05.17"]
[EventType "blitz"]
[EventCountry "CHN"]
[SourceTitle "playchess.com"]
[Source "ChessBase"]
[SourceQuality "1"]
[TimeControl "180+2"]

1. d4 {[%emt 0:00:00]} Nf6 {[%emt 0:00:00]} 2. Nf3 {[%emt 0:00:04]} g6 {[%emt 0:00:01]} 3. g3 {[%emt 0:00:05]} Bg7 {[%emt 0:00:01]} 4. Bg2 {[%emt 0:00:00]} O-O {[%emt 0:00:02]} 5. O-O {[%emt 0:00:02]} d5 {[%emt 0:00:00]} 6. Be3 {[%emt 0:00:07]} c6 {[%emt 0:00:13]} 7. Qc1 {[%emt 0:00:03]} Re8 {[%emt 0:00:02]} 8. c4 {[%emt 0:00:15]} Nbd7 {[%emt 0:00:02]} 9. Rd1 {[%emt 0:00:06]} Nb6 {[%emt 0:00:02]} 10. Na3 {[%emt 0:00:07]} Be6 {[%emt 0:00:08]} 11. c5 {[%emt 0:00:06]} Nbd7 {[%emt 0:00:04]} 12. b4 {[%emt 0:00:04]} a6 {[%emt 0:00:01]} 13. Bh6 {[%emt 0:00:06]} Bh8 {[%emt 0:00:03]} 14. Nc2 {[%emt 0:00:15]} Ne4 {[%emt 0:00:06]} 15. h3 {[%emt 0:00:12]} f6 {[%emt 0:00:08]} 16. Nd2 {[%emt 0:00:17]} f5 {[%emt 0:00:10]} 17. Nxe4 {[%emt 0:00:23]} dxe4 {[%emt 0:00:03]} 18. f3 {[%emt 0:00:06]} exf3 {[%emt 0:00:04]} 19. Bxf3 {[%emt 0:00:12]} Nf6 {[%emt 0:00:03]} 20. a4 {[%emt 0:00:03]} Bd5 {[%emt 0:00:10]} 21. Ne3 {[%emt 0:00:11]} Bxf3 {[%emt 0:00:11]} 22. exf3 {[%emt 0:00:01]} Nd5 {[%emt 0:00:02]} 23. Rb1 {[%emt 0:00:09]} Bf6 {[%emt 0:00:12]} 24. Nc4 {[%emt 0:00:05]} Qc7 {[%emt 0:00:10]} 25. Kg2 {[%emt 0:00:04]} Rad8 {[%emt 0:00:03]} 26. b5 {[%emt 0:00:08]} axb5 {[%emt 0:00:07]} 27. axb5 {[%emt 0:00:00]} e5 {[%emt 0:00:05]} 28. bxc6 {[%emt 0:00:09]} bxc6 {[%emt 0:00:06]} 29. Nd6 {[%emt 0:00:01]} Rxd6 {[%emt 0:00:02]} 30. cxd6 {[%emt 0:00:01]} Qxd6 {[%emt 0:00:01]} 31. dxe5 {[%emt 0:00:02]} Bxe5 {[%emt 0:00:04]} 32. Re1 {[%emt 0:00:02]} Ra8 {[%emt 0:00:07]} 33. Re2 {[%emt 0:00:19]} Bxg3 {[%emt 0:00:09]} 34. Rb7 {[%emt 0:00:00]} Bf4 {[%emt 0:00:21]} 35. Qe1 {[%emt 0:00:13]} Bxh6 {[%emt 0:00:14]} 36. Re8+ {[%emt 0:00:01]} Rxe8 {[%emt 0:00:10]} 37. Qxe8+ {[%emt 0:00:02]} Qf8 {[%emt 0:00:01]} 38. Qxc6 {[%emt 0:00:04]} Nf4+ {[%emt 0:00:10]} 39. Kh2 {[%emt 0:00:02]} Nh5 {[%emt 0:00:05]} 40. Qd5+ {[%emt 0:00:04]} Kh8 {[%emt 0:00:05]} 41. Qe5+ {[%emt 0:00:03]} Bg7 {[%emt 0:00:05]} 42. Qc7 {[%emt 0:00:01]} Nf6 {[%emt 0:00:07]} 43. Rb8 {[%emt 0:00:03]} Ne8 {[%emt 0:00:01]} 44. Qf4 {[%emt 0:00:04]} Kg8 {[%emt 0:00:05]} 45. Rc8 {[%emt 0:00:02]} h6 {[%emt 0:00:02]} 46. Qc4+ {[%emt 0:00:02]} Kh7 {[%emt 0:00:02]} 47. Qe6 {[%emt 0:00:01]} Qa3 {[%emt 0:00:03]} 48. Rxe8 {[%emt 0:00:02]} Qb2+ {[%emt 0:00:02]} 49. Qe2 {[%emt 0:00:01]} Qd4 {[%emt 0:00:05]} 50. Kg2 {[%emt 0:00:01]} h5 {[%emt 0:00:02]} 51. Qe3 {[%emt 0:00:02]} Qb2+ {[%emt 0:00:01]} 52. Qe2 {[%emt 0:00:00]} Qd4 {[%emt 0:00:01]} 53. Re7 {[%emt 0:00:01]} Qf4 {[%emt 0:00:05]} 54. Qe3 {[%emt 0:00:02]} Qb4 {[%emt 0:00:05]} 55. Qe5 {[%emt 0:00:01]} Qd2+ {[%emt 0:00:02]} 56. Kg3 {[%emt 0:00:05]} Qg5+ {[%emt 0:00:02]} 57. Kh2 {[%emt 0:00:03]} Qd2+ {[%emt 0:00:01]} 58. Qe2 {[%emt 0:00:01]} Qf4+ {[%emt 0:00:02]} 59. Kg2 {[%emt 0:00:00]} Qg5+ {[%emt 0:00:00]} 60. Kh2 {[%emt 0:00:03]} Qf4+ {[%emt 0:00:01]} 61. Kg2 {[%emt 0:00:00]} Qg5+ {[%emt 0:00:01]} 62. Kh2 {[%emt 0:00:01]} 1/2-1/2

[Event "IMSA Blitz Women 2019"]
[Site "Hengshui"]
[Date "2019.05.18"]
[Round "8.1"]
[White "Abdumalik, Zhansaya"]
[Black "Tan, Zhongyi"]
[Result "0-1"]
[WhiteElo "2464"]
[BlackElo "2513"]
[Annotator "RC"]
[PlyCount "164"]
[EventDate "2019.05.17"]
[EventType "blitz"]
[EventCountry "CHN"]
[SourceTitle "playchess.com"]
[Source "ChessBase"]
[SourceQuality "1"]
[TimeControl "180+2"]

1. e4 {[%emt 0:00:00]} e5 {[%emt 0:00:00]} 2. Nf3 {[%emt 0:00:00]} Nc6 {[%emt 0:00:00]} 3. Bb5 {[%emt 0:00:00]} Nf6 {[%emt 0:00:00]} 4. d3 {[%emt 0:00:02]} Bc5 {[%emt 0:00:01]} 5. c3 {[%emt 0:00:02]} O-O {[%emt 0:00:02]} 6. O-O {[%emt 0:00:01]} d6 {[%emt 0:00:01]} 7. Nbd2 {[%emt 0:00:07]} a6 {[%emt 0:00:01]} 8. Ba4 {[%emt 0:00:01]} Ba7 {[%emt 0:00:01]} 9. h3 {[%emt 0:00:03]} Ne7 {[%emt 0:00:00]} 10. Re1 {[%emt 0:00:11]} Ng6 {[%emt 0:00:01]} 11. Bc2 {[%emt 0:00:08]} d5 {[%emt 0:00:06]} 12. Nf1 {[%emt 0:00:01]} Re8 {[%emt 0:00:03]} 13. Ng3 {[%emt 0:00:02]} h6 {[%emt 0:00:07]} 14. a4 {[%emt 0:00:03]} a5 {[%emt 0:00:07]} 15. exd5 {[%emt 0:00:07]} Nxd5 {[%emt 0:00:16]} 16. d4 {[%emt 0:00:07]} exd4 {[%emt 0:00:02]} 17. Rxe8+ {[%emt 0:00:01]} Qxe8 {[%emt 0:00:02]} 18. Nxd4 {[%emt 0:00:04]} c6 {[%emt 0:00:16]} 19. Ndf5 {[%emt 0:00:19]} Qe5 {[%emt 0:00:09]} 20. Qe2 {[%emt 0:00:34]} Be6 {[%emt 0:00:29]} 21. Qxe5 {[%emt 0:00:04]} Nxe5 {[%emt 0:00:01]} 22. Nd4 {[%emt 0:00:05]} Bxd4 {[%emt 0:00:08]} 23. cxd4 {[%emt 0:00:01]} Nc4 {[%emt 0:00:02]} 24. b3 {[%emt 0:00:11]} Nb4 {[%emt 0:00:08]} 25. Bd1 {[%emt 0:00:01]} Nd6 {[%emt 0:00:08]} 26. Bf4 {[%emt 0:00:03]} Rd8 {[%emt 0:00:02]} 27. Ne2 {[%emt 0:00:07]} g5 {[%emt 0:00:08]} 28. Be5 {[%emt 0:00:04]} Nd3 {[%emt 0:00:04]} 29. Bh2 {[%emt 0:00:17]} Rd7 {[%emt 0:00:13]} 30. f4 {[%emt 0:00:12]} f6 {[%emt 0:00:03]} 31. fxg5 {[%emt 0:00:02]} hxg5 {[%emt 0:00:01]} 32. Ng3 {[%emt 0:00:10]} Nb4 {[%emt 0:00:17]} 33. Rb1 {[%emt 0:00:07]} Nf7 {[%emt 0:00:16]} 34. Ne4 {[%emt 0:00:04]} Kg7 {[%emt 0:00:02]} 35. Nc5 {[%emt 0:00:01]} Re7 {[%emt 0:00:01]} 36. Bf3 {[%emt 0:00:05]} Bd5 {[%emt 0:00:03]} 37. Bg4 {[%emt 0:00:10]} Kg6 {[%emt 0:00:09]} 38. Rf1 {[%emt 0:00:04]} Nh6 {[%emt 0:00:08]} 39. Bd6 {[%emt 0:00:05]} Re3 {[%emt 0:00:05]} 40. Bd1 {[%emt 0:00:09]} Nf5 {[%emt 0:00:11]} 41. Nxb7 {[%emt 0:00:10]} Nxd4 {[%emt 0:00:02]} 42. Bc5 {[%emt 0:00:03]} Rg3 {[%emt 0:00:11]} 43. Rf2 {[%emt 0:00:05]} Ne6 {[%emt 0:00:08]} 44. Bd6 {[%emt 0:00:02]} Rd3 {[%emt 0:00:05]} 45. Be2 {[%emt 0:00:01]} Rd4 {[%emt 0:00:03]} 46. Nxa5 {[%emt 0:00:01]} Nd3 {[%emt 0:00:03]} 47. Rf1 {[%emt 0:00:05]} Ndf4 {[%emt 0:00:02]} 48. Bf3 {[%emt 0:00:01]} Bxf3 {[%emt 0:00:01]} 49. Bxf4 {[%emt 0:00:02]} Be2 {[%emt 0:00:03]} 50. Be3 {[%emt 0:00:01]} Re4 {[%emt 0:00:01]} 51. Rc1 {[%emt 0:00:03]} Rxe3 {[%emt 0:00:02]} 52. Kf2 {[%emt 0:00:01]} Re4 {[%emt 0:00:01]} 53. Re1 {[%emt 0:00:02]} Nf4 {[%emt 0:00:02]} 54. Rb1 {[%emt 0:00:06]} Nd3+ {[%emt 0:00:01]} 55. Kg1 {[%emt 0:00:01]} Re6 {[%emt 0:00:02]} 56. b4 {[%emt 0:00:02]} Nf4 {[%emt 0:00:02]} 57. b5 {[%emt 0:00:02]} cxb5 {[%emt 0:00:01]} 58. axb5 {[%emt 0:00:01]} Rb6 {[%emt 0:00:01]} 59. Nc6 {[%emt 0:00:02]} Rxb5 {[%emt 0:00:02]} 60. Rxb5 {[%emt 0:00:02]} Bxb5 {[%emt 0:00:01]} 61. Nd4 {[%emt 0:00:01]} Bc4 {[%emt 0:00:02]} 62. Kh2 {[%emt 0:00:01]} Bd5 {[%emt 0:00:01]} 63. g3 {[%emt 0:00:01]} Ne6 {[%emt 0:00:02]} 64. Ne2 {[%emt 0:00:02]} f5 {[%emt 0:00:01]} 65. h4 {[%emt 0:00:01]} gxh4 66. gxh4 {[%emt 0:00:01]} Kh5 {[%emt 0:00:05]} 67. Kh3 {[%emt 0:00:02]} Bf3 {[%emt 0:00:02]} 68. Ng3+ {[%emt 0:00:00]} Kg6 {[%emt 0:00:01]} 69. Kh2 {[%emt 0:00:02]} Bg4 {[%emt 0:00:02]} 70. Kg2 {[%emt 0:00:02]} f4 {[%emt 0:00:01]} 71. Ne4 {[%emt 0:00:01]} Kh5 {[%emt 0:00:02]} 72. Nf6+ {[%emt 0:00:02]} Kxh4 {[%emt 0:00:02]} 73. Kf2 {[%emt 0:00:04]} Nd4 {[%emt 0:00:02]} 74. Nd5 {[%emt 0:00:01]} Kg5 {[%emt 0:00:01]} 75. Nc3 {[%emt 0:00:02]} Kf5 {[%emt 0:00:02]} 76. Nd5 {[%emt 0:00:01]} Ke5 {[%emt 0:00:00]} 77. Ne7 {[%emt 0:00:02]} Bh5 {[%emt 0:00:01]} 78. Nc8 {[%emt 0:00:01]} Nf5 {[%emt 0:00:01]} 79. Nb6 {[%emt 0:00:01]} Nd6 {[%emt 0:00:01]} 80. Nd7+ {[%emt 0:00:02]} Kf5 {[%emt 0:00:01]} 81. Nc5 {[%emt 0:00:01]} Ne4+ {[%emt 0:00:01]} 82. Nxe4 {[%emt 0:00:01]} Kxe4 {[%emt 0:00:01]} 0-1

[Event "IMSA Blitz Women 2019"]
[Site "Hengshui"]
[Date "2019.05.18"]
[Round "8.1"]
[White "Ushenina, Anna"]
[Black "Khotenashvili, Bela"]
[Result "1-0"]
[WhiteElo "2442"]
[BlackElo "2476"]
[Annotator "TA"]
[PlyCount "135"]
[EventDate "2019.05.17"]
[EventType "blitz"]
[EventCountry "CHN"]
[SourceTitle "playchess.com"]
[Source "ChessBase"]
[SourceQuality "1"]

{[%evp 12,135,13,9,18,0,20,23,22,0,4,-2,29,-11,51,47,37,43,70,44,124,127,118,95,148,158,209,103,201,191,289,222,288,285,280,277,264,227,230,197,207,170,168,89,186,70,122,102,176,175,237,242,238,235,318,326,378,371,334,268,359,333,346,254,542,552,1173,1166,954,974,1315,1293,29977,983,5783,5700,2226,2039,2483,2012,2361,2302,2014,1871,1816,1702,1783,1688,1422,1176,1183,1000,862,328,12824,8522,29957,12456,9313,12850,12833,11053,29976,29974,29976,29968,29960,29969,29969,29974,29981,29982,29979,29976,29986,29987,29987,29988,29990,29984,29990,29984,29987,29981,29986,29987]} 1. d4 g6 2. e4 Bg7 3. Nf3 c5 4. dxc5 Qa5+ 5. c3 Qxc5 6. Be3 Qc7 7. Na3 {Nb5 is the strong threat.} Nc6 {B27: Sicilian: 2 Nf3, unusual Black 2nd moves} 8. Be2 (8. Qc2 {with more complications.} Nf6 9. Rd1 O-O 10. Be2 d6 11. h3) (8. Nb5 Qd8 9. Bc4 a6 10. Nbd4 Nf6 11. e5 Ne4 12. Bd5 f5 13. exf6 Nxf6 14. Bb3 d5 15. O-O {½-½ (54) Demidov,M (2497)-Riazantsev,A (2646) Moscow 2015}) 8... d6 9. O-O Nf6 $146 {White has an edge.} ({Predecessor:} 9... a6 10. Nc4 Nf6 11. Nb6 Rb8 12. Nd5 Nxd5 13. exd5 {0-1 (89) Mrva,V (2174)-Mocary,M (2057) Trencianske Teplice 2005}) 10. Nd2 O-O 11. f4 b6 12. Bf3 Bb7 (12... e5 $11) 13. Nb5 $36 {[%mdl 2048] White fights for an advantage.} Qd7 14. a4 Rac8 15. Qe2 d5 (15... a6 $14) 16. e5 Ne8 17. Rad1 e6 {[#]} (17... Nc7 $142) 18. c4 $1 $16 a6 (18... Nc7 $16 19. Ne4 Rcd8) 19. Nc3 (19. Bxb6 axb5 20. cxb5 (20. axb5 Nxe5 21. fxe5 dxc4 $11) 20... Nd8 $11) (19. cxd5 $18 {is more deadly.} Nxe5 20. fxe5 axb5 21. dxe6 (21. Qxb5 Qxb5 22. axb5 exd5 $14) (21. Bxb6 bxa4 22. d6 Rc2 $16) (21. axb5 Bxd5 22. Bxb6 Nc7 $14) 21... fxe6 22. Nc4 (22. Qxb5 Qxb5 23. axb5 Bxf3 $16) (22. Bxb6 bxa4 23. Ne4 Bd5 $11) (22. axb5 Bxf3 23. Nxf3 Qb7 $18)) 19... Nb4 (19... d4 $16) 20. Bxb6 $18 Bc6 (20... Qe7 $142 21. cxd5 Nxd5) 21. a5 Qb7 22. cxd5 Nxd5 23. Nxd5 exd5 24. Qf2 Nc7 25. Nb3 Ne6 26. Bg4 Ba4 {[#]} 27. Qg3 (27. Qe3 $1 $18) 27... Rc2 (27... Rc4 $16 {keeps fighting.}) 28. Nd4 (28. f5 $18 d4 29. Rd2 (29. fxe6 Bxb3 30. exf7+ Rxf7 $16) (29. Nxd4 Bxe5 30. Nxc2 Bxg3 $11) 29... Rxd2 30. Nxd2 gxf5 31. Bxf5) 28... Nxd4 ({Black should play} 28... Rxb2 $14 29. Nxe6 Bxd1 30. Rxd1 (30. Nc5 Qe7 $14) 30... fxe6) 29. Rxd4 $16 Bb5 (29... Bd7 $16) 30. Rfd1 $18 Bc4 (30... Be2 $142) 31. b3 Bb5 32. Bf3 Qc6 33. Bxd5 Qc3 34. Qxc3 Rxc3 35. b4 g5 36. Bc5 ({Much less strong is} 36. fxg5 Rfc8 $18) 36... Re8 37. Ba2 gxf4 $2 (37... h6 38. Bd6 Bf8) 38. Rxf4 Bxe5 39. Bxf7+ {[%mdl 64] Double Attack} Kg7 40. Bxe8 Bxf4 41. Bxb5 axb5 {[%mdl 4096] Endgame KRB-KRB} 42. a6 (42. Bd4+ $142 Kf8 43. Bxc3 Ke7 44. Bd4 Bb8 45. a6 Ke8 46. a7 Bxa7 47. Bxa7) 42... Be3+ 43. Bxe3 Rxe3 {KR-KR} 44. Ra1 Re8 45. Ra5 Ra8 46. Kf2 Kf6 47. Ke3 Ke5 48. Rxb5+ Kd6 49. Ra5 Kc6 50. b5+ Kb6 51. Ra4 Kxb5 52. Rh4 Rxa6 $2 (52... Ra7 53. Rh6 Rg7) 53. Rxh7 Ra2 54. Rg7 (54. g4 $142 Kc6 55. h4 Ra4 56. g5 Kd6 57. h5 Ke5 58. g6 Ke6 59. h6 Ra3+ 60. Kd4) 54... Kc5 55. h4 Kd6 56. h5 Ke6 57. g4 {White mates.} Kf6 58. Rg6+ Kf7 59. Kf4 Ra4+ 60. Kg5 Ra5+ 61. Kh6 Ra4 62. Rg7+ Kf8 63. g5 Ra6+ 64. g6 Ra5 65. Rh7 Rb5 66. Rh8+ Ke7 67. Kg7 Rb7 68. Rf8 {Accuracy: White = 62%, Black = 25%.} 1-0

[Event "IMSA Blitz Women 2019"]
[Site "Hengshui"]
[Date "2019.05.18"]
[Round "8.2"]
[White "Koneru, Humpy"]
[Black "Harika, Dronavalli"]
[Result "1/2-1/2"]
[WhiteElo "2553"]
[BlackElo "2492"]
[Annotator "TA"]
[PlyCount "104"]
[EventDate "2019.05.17"]
[EventType "blitz"]
[EventCountry "CHN"]
[SourceTitle "playchess.com"]
[Source "ChessBase"]
[SourceQuality "1"]

{[%evp 22,104,0,0,10,0,0,0,0,0,6,-12,0,0,0,0,0,0,0,-27,-18,-75,-22,-237,-20,-12,-53,-30,-24,-20,-15,-270,-227,-216,-221,-334,-325,-308,-335,-276,-273,-336,-253,-256,-235,-250,0,0,0,0,15,8,8,8,8,-8,-8,-8,-8,-8,-8,-8,0,0,0,0,0,0,0,0,0,0,0,0,0,0,0,0,0,0,0,0,0,0,0]} 1. d4 e6 2. Nf3 d5 3. c4 Nf6 4. Nc3 c6 5. e3 Nbd7 6. Qc2 Bd6 7. Bd3 O-O 8. O-O dxc4 9. Bxc4 b5 10. Be2 Qe7 11. b3 Bb7 12. Bb2 a6 {D46: Semi-Slav: 5 e3 Nbd7 6 Bd3, Black avoids the Meran} 13. Ne4 Nxe4 14. Qxe4 {[#]} Nf6 $146 ({Predecessor:} 14... Rab8 15. Qh4 Qxh4 16. Nxh4 c5 17. dxc5 Nxc5 18. Rfd1 Ne4 {½-½ (33) Shevelev,S (2395)-Shcherbakov,R (2570) Paris 1993}) 15. Qh4 c5 16. Rac1 {[#] And now dxc5 would win.} Rac8 17. Rfd1 cxd4 18. Qxd4 Rxc1 19. Rxc1 Rd8 20. Qh4 e5 21. h3 (21. Rd1 $11) 21... h6 (21... Ba3 $17 22. Bxa3 Qxa3 {[%mdl 64] Double Attack}) 22. a4 $2 (22. Nh2 $11) 22... Bxf3 $2 (22... Ba3 $19 23. Bxa3 Qxa3 {[%mdl 64] Double Attack}) 23. Bxf3 $11 Ba3 24. Bxa3 Qxa3 {[%mdl 64] [#] Double Attack} 25. Rc6 $1 e4 $36 {[%mdl 2048] White is under pressure.} 26. Bxe4 $2 {[%mdl 8192]} (26. Be2 $11 {and White has nothing to worry.}) 26... Qa1+ ({Less strong is} 26... bxa4 27. Rxf6 Qa1+ 28. Kh2 $17) 27. Kh2 {Strongly threatening Bc2.} Qe5+ ({Worse is} 27... bxa4 28. Bc2 $11) 28. Qg3 (28. Qf4 $142 Qxf4+ 29. exf4 Nxe4 30. Rxa6) 28... Qxg3+ $19 29. fxg3 Nxe4 30. Rxa6 bxa4 31. Rxa4 {[%mdl 4096] Endgame KRN-KR} f5 32. g4 Nc3 33. Rc4 Nd5 $2 ({Black should try} 33... Nd1 $19 34. Rd4 Rxd4 35. exd4 fxg4 36. hxg4 Nc3) 34. Rd4 $11 {The position is equal.} Rd7 {...fxg4 is the strong threat.} 35. gxf5 Nf6 36. Rxd7 Nxd7 {KN-KP} 37. Kg3 Kf7 38. Kf4 Nc5 39. e4 Nxb3 40. e5 Nc5 41. Ke3 Nb3 42. Ke4 Nd2+ 43. Ke3 Nc4+ 44. Kd4 Nd2 45. Ke3 Nb3 46. Ke4 Ke7 47. g4 Nd2+ 48. Ke3 Nb3 49. h4 Na5 50. Kd4 Nc6+ 51. Kd5 Nb4+ 52. Ke4 Nc6 {Accuracy: White = 44%, Black = 47%.} 1/2-1/2